Les pays les plus pauvres au monde - Statistiques

Statistiques générales
  • Ce quiz a été pris 446 fois
  • Le résultat moyen est 7 sur 15
Statistiques - réponses
PIB Pays % Correct
403,4 Niger
64%
315,2 Burundi
54%
545,6 Guinée
53%
630,3 Erythrée
52%
578,1 Togo
49%
352,7 Malawi
47%
582,2 Guinée-Bissau
46%
384,2 Gambie
45%
625,3 Ouganda
43%
469,1 Liberia
42%
338,7 Republique centrafricaine
41%
392,6 Madagascar
37%
626,2 Mozambique
34%
614,9 Afghanistan
25%
478,2 République démocratique du Congo
22%
Aucun quiz correspondant
Distribution des résultats
% des personnes avec chaque résultat
Percentile par nombre de réponses
Votre historique - résultats
Vous n’avez pas pris ce quiz